Wibracje (Lp Sx 2555) (Record n. 101512)
[ formato base ]
| 000 -LEADER | |
|---|---|
| fixed length control field | 01663njm a2200349Ia 4500 |
| 001 - CONTROL NUMBER | |
| control field | 73374 |
| 003 - CONTROL NUMBER IDENTIFIER | |
| control field | IT-RoPAU |
| 005 - DATE AND TIME OF LATEST TRANSACTION | |
| control field | 20220918181144.0 |
| 008 - FIXED-LENGTH DATA ELEMENTS--GENERAL INFORMATION | |
| fixed length control field | 131025s9999 xx 000 0 und d |
| 040 ## - CATALOGING SOURCE | |
| Original cataloging agency | IT-RoPAU |
| 040 ## - CATALOGING SOURCE | |
| Transcribing agency | IT-RoPAU |
| 041 ## - LANGUAGE CODE | |
| Language code of text/sound track or separate title | POLACCO |
| 999 ## - SYSTEM CONTROL NUMBERS (KOHA) | |
| Koha Dewey Subclass [OBSOLETE] | n.d. |
| 100 ## - MAIN ENTRY--PERSONAL NAME | |
| Personal name | Jezowska Majka |
| 9 (RLIN) | 24957 |
| 100 ## - MAIN ENTRY--PERSONAL NAME | |
| Relator term | Autore musica |
| 9 (RLIN) | 24958 |
| 100 ## - MAIN ENTRY--PERSONAL NAME | |
| Miscellaneous information | Codice autore musica SPICS: 25455 |
| 9 (RLIN) | 24959 |
| 245 ## - TITLE STATEMENT | |
| Title | Wibracje (Lp Sx 2555) |
| 250 ## - EDITION STATEMENT | |
| Edition statement | 1a ed. |
| 260 ## - PUBLICATION, DISTRIBUTION, ETC. (IMPRINT) | |
| Place of publication, distribution, etc. | POLONIA |
| 260 ## - PUBLICATION, DISTRIBUTION, ETC. (IMPRINT) | |
| Name of publisher, distributor, etc. | MUZA |
| Date of publication, distribution, etc. | 1987 [1a Ed.:1987 - Ed. Lingua Orig.: 1987] |
| 300 ## - PHYSICAL DESCRIPTION | |
| Extent | DISCO |
| 300 ## - PHYSICAL DESCRIPTION | |
| Dimensions | 41 minuti (Testo: 0 pag.) |
| 500 ## - GENERAL NOTE | |
| General note | Musica leggera polacca. canzone polacca |
| 505 ## - FORMATTED CONTENTS NOTE | |
| Formatted contents note | Tani Dreszcz, Tanie Lzy (4:00) - Ratuj Sie Sam (5:00) - Goracy Snieg (5:00) - Papierowy Man [(Wersja Angielska) (5:00)] - Wibracje (5:00) - Ogolnie Jest O.K. (5:00) - Spisek Owadow (5:00) - Odchodze W Deszczu (5:00) |
| 650 ## - SUBJECT ADDED ENTRY--TOPICAL TERM | |
| Topical term or geographic name as entry element | CANZONE POLACCA [DISCHI] |
| Relator term | Codice MATERIA SPICS: 9950 |
| 9 (RLIN) | 24960 |
| 700 ## - ADDED ENTRY--PERSONAL NAME | |
| Personal name | Jezowska Majka |
| Miscellaneous information | Codice interprete SPICS: 25455 |
| Relator term | Interprete |
| 9 (RLIN) | 24961 |
| 700 ## - ADDED ENTRY--PERSONAL NAME | |
| Personal name | Log T. |
| Miscellaneous information | Codice autore musica SPICS: 25456 |
| Relator term | Autore musica |
| Name of part/section of a work | Tani Dreszcz, Tanie Lzy - Goracy Snieg - Papierowy Man (Wersja Angielska) |
| 9 (RLIN) | 24963 |
| 700 ## - ADDED ENTRY--PERSONAL NAME | |
| Personal name | Dutkiewicz M. |
| Miscellaneous information | Codice autore testo/musica SPICS: 25181 |
| Relator term | Autore testo/musica |
| Name of part/section of a work | Tani Dreszcz, Tanie Lzy |
| 9 (RLIN) | 24964 |
| 700 ## - ADDED ENTRY--PERSONAL NAME | |
| Personal name | Cygan Jacek |
| Miscellaneous information | Codice autore testo/musica SPICS: 21358 |
| Relator term | Autore testo/musica |
| Name of part/section of a work | Ratuj Sie Sam - Ogolnie Jest O.K. - Odchodze W Deszczu |
| 9 (RLIN) | 24965 |
| 700 ## - ADDED ENTRY--PERSONAL NAME | |
| Personal name | Mogielnicki A. |
| Miscellaneous information | Codice autore testo/musica SPICS: 25151 |
| Relator term | Autore testo/musica |
| Name of part/section of a work | Goracy Snieg - Wibracje - Spisek Owadow |
| 9 (RLIN) | 24966 |
| 942 ## - ADDED ENTRY ELEMENTS (KOHA) | |
| Koha item type | DISCHI |
| Source of classification or shelving scheme | Dewey Decimal Classification |
| Withdrawn status | Lost status | Damaged status | Not for loan | Home library | Current library | Date acquired | Total Checkouts | Full call number | Date last seen | Price effective from | Koha item type | Public note |
|---|---|---|---|---|---|---|---|---|---|---|---|---|
| Buone Condizioni | Not For Loan | SPICS-MEDIATECA | SPICS-MEDIATECA | 25/10/2013 | 73374 | 25/10/2013 | 25/10/2013 | DISCHI | Progr. Ins.: 17662 / N.Vol.: 1 / Copie: 1 - Copia rara: n.d. / date import: 01.01.2014 - By Epidotti, Trombetti, Vaglietti |